000 00442nam a2200181Ia 4500
001 19111
005 20260306171720.0
008 260306s9999||||xx |||||||||||||| ||und||
041 _aESP
082 _a658.8
_bK96
100 _aKurtz, David L.
_eAUT
245 0 _aMarketing contemporáneo:
_bContemporary Marketing
260 _c2012
300 _a667 páginas :
_c27 cm.
650 _aGEN
654 _aCAN
942 _cLIB
_dJUS
_fJUS
_2ddc
_n
999 _c19111
_d19111